000 00455nam a2200181Ia 4500
001 10471
005 20260306161834.0
008 260306t1977||||xx |||||||||||||| ||spa||
041 _aESP
082 _a930.1
_bL536
100 _aLeone, Mark P.
_eAUT
245 0 _aContemporary archaeology:
_ba guide to theory and contributions
260 _c1977
300 _a460 páginas :
_c26 cm.
650 _aGEN
654 _aCHU
942 _cLIB
_dJUS
_fJUS
_2ddc
_n
999 _c10471
_d10471